Rappeurs Francophones - Statistiques

Statistiques générales
  • Ce quiz a été pris 449 fois
  • Le résultat moyen est 11 sur 15
Statistiques - réponses
Hint Réponse % Correct
Marseille Jul
99%
Destin Ninho
96%
Charo Niska
95%
92i Booba
94%
Feu Nekfeu
93%
Mathafack SCH
92%
Vie Damso
84%
Drill Gazo
82%
Duo Pnl
82%
Caen Orelsan
74%
Trinity Laylow
72%
DonDada Alpha Wann
70%
Panama Bende Plk
52%
Ripro Lacrim
44%
Lesram
1%
Aucun quiz correspondant
Distribution des résultats
% des personnes avec chaque résultat
Percentile par nombre de réponses
Votre historique - résultats
Vous n’avez pas pris ce quiz